[Event "Zonal 2.4"]
[Site "Sao Paulo BRA"]
[Date "2005.10.25"]
[Round "5.2"]
[White "Lima, Darcy Gustavo"]
[Black "Mecking, Henrique Costa"]
[Result "1/2-1/2"]
[WhiteElo "2529"]
[BlackElo "2549"]
[PlyCount "48"]
[EventDate "2005.10.22"]
[EventType "swiss"]
[EventRounds "9"]
[EventCountry "BRA"]
[Source "lmi"]
[SourceDate "2005.11.01"]

1. e4 e6 2. d4 d5 3. Nd2 Nf6 4. e5 Nfd7 5. Bd3 c5 6. c3 Nc6 7. Ne2 Qb6 8. Nf3
cxd4 9. cxd4 f6 10. exf6 Nxf6 11. O-O Bd6 12. b3 O-O 13. Bf4 Bxf4 14. Nxf4 Bd7
15. Re1 Rae8 16. Qd2 Kh8 17. Bc2 Qb4 18. Rad1 Qxd2 19. Rxd2 Ne4 20. Bxe4 Rxf4
21. Bb1 h6 22. Ne5 Nxe5 23. Rxe5 Rc8 24. g3 Rc1+ 1/2-1/2

[Event "Zonal 2.4"]
[Site "Sao Paulo BRA"]
[Date "2005.10.25"]
[Round "5.3"]
[White "El Debs, Felipe de Cresce"]
[Black "Vescovi, Giovanni Portilho"]
[Result "1/2-1/2"]
[WhiteElo "2341"]
[BlackElo "2646"]
[PlyCount "58"]
[EventDate "2005.10.22"]
[EventType "swiss"]
[EventRounds "9"]
[EventCountry "BRA"]
[Source "lmi"]
[SourceDate "2005.11.01"]

1. d4 Nf6 2. c4 e6 3. g3 d5 4. Bg2 Nbd7 5. Nf3 dxc4 6. O-O Rb8 7. Qc2 b5 8. b3
Nd5 9. bxc4 bxc4 10. e4 Nb4 11. Qc3 Be7 12. Be3 Nb6 13. Nbd2 Ba6 14. a4 O-O 15.
a5 Nc8 16. Ne5 Nd6 17. Rfc1 f6 18. Nef3 Kh8 19. e5 Nd5 20. Qc2 c3 21. exd6 cxd2
22. Nxd2 Bxd6 23. Ne4 Bb7 24. a6 Ba8 25. Bd2 e5 26. Nxd6 Qxd6 27. dxe5 Qxe5 28.
Qc5 Qb2 29. Bxd5 Bxd5 1/2-1/2

[Event "Zonal 2.4"]
[Site "Sao Paulo BRA"]
[Date "2005.10.25"]
[Round "5.4"]
[White "Leitao, Rafael Duailibe"]
[Black "Matsuura, Everaldo"]
[Result "1-0"]
[WhiteElo "2586"]
[BlackElo "2453"]
[PlyCount "71"]
[EventDate "2005.10.22"]
[EventType "swiss"]
[EventRounds "9"]
[EventCountry "BRA"]
[Source "lmi"]
[SourceDate "2005.11.01"]

1. d4 d5 2. c4 c6 3. Nf3 Nf6 4. e3 e6 5. Nbd2 dxc4 6. Bxc4 c5 7. b3 Nc6 8. Bb2
cxd4 9. Nxd4 Bd7 10. O-O Be7 11. Be2 Nxd4 12. Bxd4 Bc6 13. Bf3 Bxf3 14. Qxf3
Qd7 15. Rfd1 O-O 16. Bxf6 Bxf6 17. Ne4 Qe7 18. Nxf6+ gxf6 19. Rd4 Rad8 20. Rh4
f5 21. Qh5 f6 22. e4 fxe4 23. Rxe4 e5 24. Rae1 Rd2 25. a4 Rfd8 26. h3 Kh8 27.
Qf5 Rd1 28. Rxd1 Rxd1+ 29. Kh2 Rd8 30. Rc4 Re8 31. b4 a6 32. g3 Rd8 33. b5 axb5
34. axb5 Qd6 35. Rh4 Qe7 36. Rxh7+ 1-0

[Event "Zonal 2.4"]
[Site "Sao Paulo BRA"]
[Date "2005.10.25"]
[Round "5.6"]
[White "Cordova, Emilio"]
[Black "Di Berardino, Diego Rafael"]
[Result "1-0"]
[WhiteElo "2434"]
[BlackElo "2312"]
[PlyCount "87"]
[EventDate "2005.10.22"]
[EventType "swiss"]
[EventRounds "9"]
[EventCountry "BRA"]
[Source "lmi"]
[SourceDate "2005.11.01"]

1. d4 g6 2. c4 Nf6 3. Nc3 Bg7 4. e4 d6 5. Nf3 O-O 6. Be2 e5 7. O-O Nc6 8. d5
Ne7 9. Ne1 Nd7 10. Be3 f5 11. f3 f4 12. Bf2 g5 13. Rc1 Ng6 14. c5 Nxc5 15. b4
Na6 16. Nb5 Bd7 17. a4 Rf7 18. Nd3 b6 19. Nb2 h5 20. Nxd6 cxd6 21. Bxa6 g4 22.
Bb5 Bc8 23. Be2 g3 24. hxg3 fxg3 25. Bxg3 Qg5 26. Bh2 Bh6 27. Rc6 Bh3 28. Rf2
Nh4 29. g3 Qg6 30. Nc4 Bf4 31. Rxd6 Qg7 32. Kh1 Kh7 33. Qg1 Rg8 34. gxf4 Qf8
35. Qg5 Rxg5 36. fxg5 Rg7 37. Rh6+ Kg8 38. Rxh5 Qxb4 39. Bg3 Qb1+ 40. Kh2 Bg2
41. Rxg2 Nxg2 42. Kxg2 Rc7 43. Bxe5 Qc2 44. Kf2 1-0

[Event "Zonal 2.4"]
[Site "Sao Paulo BRA"]
[Date "2005.10.26"]
[Round "6.1"]
[White "Milos Jr, Gilberto"]
[Black "Lima, Darcy Gustavo"]
[Result "1/2-1/2"]
[WhiteElo "2620"]
[BlackElo "2529"]
[PlyCount "51"]
[EventDate "2005.10.22"]
[EventType "swiss"]
[EventRounds "9"]
[EventCountry "BRA"]
[Source "lmi"]
[SourceDate "2005.11.01"]

1. d4 d5 2. c4 e6 3. Nc3 c5 4. cxd5 exd5 5. Nf3 Nc6 6. Bg5 Be7 7. Bxe7 Ngxe7 8.
e3 cxd4 9. Nxd4 Qb6 10. Bb5 O-O 11. O-O Nxd4 12. Qxd4 Qxd4 13. exd4 Be6 14.
Rfe1 Rfd8 15. f3 Rac8 16. Kf2 a6 17. Bd3 Nc6 18. Rad1 h6 19. Bb1 Kf8 20. h3 Rd6
21. a3 b5 22. Ne2 b4 23. Nf4 bxa3 24. bxa3 Na5 25. Rc1 Rc4 26. Rxc4 1/2-1/2

[Event "Zonal 2.4"]
[Site "Sao Paulo BRA"]
[Date "2005.10.26"]
[Round "6.3"]
[White "Vescovi, Giovanni Portilho"]
[Black "Sunye Nt, Jaime"]
[Result "1-0"]
[WhiteElo "2646"]
[BlackElo "2522"]
[PlyCount "75"]
[EventDate "2005.10.22"]
[EventType "swiss"]
[EventRounds "9"]
[EventCountry "BRA"]
[Source "lmi"]
[SourceDate "2005.11.01"]

1. e4 c5 2. Nf3 d6 3. d4 cxd4 4. Nxd4 Nf6 5. Nc3 a6 6. Be3 e5 7. Nb3 Be6 8. f3
Nbd7 9. g4 Nb6 10. Qd2 Qc7 11. O-O-O Rc8 12. Kb1 Be7 13. h4 Nc4 14. Bxc4 Bxc4
15. g5 Nh5 16. Na4 b5 17. Nc3 Rb8 18. Nd5 Bxd5 19. exd5 b4 20. f4 exf4 21. Bxf4
O-O 22. Bh2 Rfe8 23. Nd4 Bf8 24. Nc6 Rb5 25. Rhe1 Rxe1 26. Rxe1 Qd7 27. Nxb4
Qg4 28. Re8 Qd7 29. Qe1 g6 30. Nc6 Kg7 31. c4 Rc5 32. b3 Rxc6 33. dxc6 Qxc6 34.
Qe4 Qc5 35. Qe3 Qc6 36. Qd4+ f6 37. gxf6+ Kf7 38. Rxf8+ 1-0

[Event "Zonal 2.4"]
[Site "Sao Paulo BRA"]
[Date "2005.10.26"]
[Round "6.4"]
[White "Limp, Eduardo Thelio"]
[Black "El Debs, Felipe de Cresce"]
[Result "1/2-1/2"]
[WhiteElo "2447"]
[BlackElo "2341"]
[PlyCount "78"]
[EventDate "2005.10.22"]
[EventType "swiss"]
[EventRounds "9"]
[EventCountry "BRA"]
[Source "lmi"]
[SourceDate "2005.11.01"]

1. Nf3 Nf6 2. b3 d5 3. Bb2 e6 4. e3 Nbd7 5. c4 c6 6. Nc3 Bd6 7. Be2 O-O 8. O-O
Re8 9. Qc2 dxc4 10. Bxc4 Nb6 11. Be2 e5 12. Ng5 Nbd5 13. f4 Nb4 14. Qb1 h6 15.
fxe5 Rxe5 16. Nge4 Re6 17. Rxf6 Rxf6 18. a3 Na6 19. Nxf6+ Qxf6 20. Ne4 Qe7 21.
Qd3 Bc7 22. Qc3 f6 23. Bc4+ Be6 24. Bxa6 bxa6 25. Qxc6 Rd8 26. Rc1 Bb8 27. Qc5
Qf7 28. Rf1 f5 29. Qc3 Qg6 30. Ng3 Rf8 31. b4 Rf7 32. Ne2 Bd5 33. Rf2 Kh7 34.
Qc8 Bc7 35. h3 Bb7 36. Qe8 Bc6 37. Qc8 Bb7 38. Qe8 Bc6 39. Qc8 Bb7 1/2-1/2

[Event "Zonal 2.4"]
[Site "Sao Paulo BRA"]
[Date "2005.10.26"]
[Round "6.5"]
[White "Matsuura, Everaldo"]
[Black "Cordova, Emilio"]
[Result "1-0"]
[WhiteElo "2453"]
[BlackElo "2434"]
[PlyCount "83"]
[EventDate "2005.10.22"]
[EventType "swiss"]
[EventRounds "9"]
[EventCountry "BRA"]
[Source "lmi"]
[SourceDate "2005.11.01"]

1. e4 c5 2. Nf3 Nc6 3. d4 cxd4 4. Nxd4 Nf6 5. Nc3 e5 6. Ndb5 d6 7. Bg5 a6 8.
Na3 b5 9. Nd5 Be7 10. Bxf6 Bxf6 11. c3 Bg5 12. Nc2 O-O 13. a4 bxa4 14. Rxa4 a5
15. Bc4 Rb8 16. b3 Kh8 17. O-O f5 18. Re1 fxe4 19. Rxe4 Bf5 20. Re2 Bg6 21. Qe1
Rb7 22. Nce3 Rbf7 23. Rea2 e4 24. Bb5 Ne5 25. Rxa5 Bh4 26. Nd1 Nf3+ 27. gxf3
Qg5+ 28. Kh1 Qxd5 29. Bc4 Qb7 30. Bd5 Qe7 31. Bxf7 Qxf7 32. Ra8 Qxf3+ 33. Kg1
h6 34. Rxf8+ Qxf8 35. Ne3 Bf6 36. Qd2 Bf7 37. c4 Be6 38. Qc2 Qc8 39. Qxe4 d5
40. Nxd5 Bf5 41. Nb6 Qc5 42. Qd5 1-0

[Event "Zonal 2.4"]
[Site "Sao Paulo BRA"]
[Date "2005.10.26"]
[Round "6.6"]
[White "Castaneda, Carlos"]
[Black "Zambrana, Osvaldo"]
[Result "1/2-1/2"]
[WhiteElo "2171"]
[BlackElo "2409"]
[PlyCount "113"]
[EventDate "2005.10.22"]
[EventType "swiss"]
[EventRounds "9"]
[EventCountry "BRA"]
[Source "lmi"]
[SourceDate "2005.11.01"]

1. d4 d5 2. c4 dxc4 3. Nf3 Nf6 4. e3 e6 5. Bxc4 c5 6. O-O a6 7. dxc5 Bxc5 8.
Qxd8+ Kxd8 9. a3 Ke7 10. b4 Bd6 11. Bb2 Nbd7 12. Nbd2 b5 13. Be2 Bb7 14. Nb3
Rac8 15. Rac1 Bd5 16. Nfd2 e5 17. Rxc8 Rxc8 18. Rc1 Rxc1+ 19. Nxc1 Nb6 20. Ncb3
Nfd7 21. e4 Be6 22. Kf1 Bc7 23. Bd3 Nc4 24. Bc1 Kd6 25. Ke2 Kc6 26. Bc2 a5 27.
bxa5 Bd6 28. Nb1 f6 29. h3 Nb8 30. f4 Na6 31. f5 Bf7 32. g4 Bc7 33. Bd2 Nxd2
34. N1xd2 Bd6 35. Nb1 Kb7 36. Kf3 Nc7 37. h4 Ka6 38. g5 h6 39. g6 Bg8 40. Ke3
Be7 41. Kd3 Bxb3 42. Bxb3 Kxa5 43. Kc2 Bc5 44. Bf7 Na6 45. h5 Bd4 46. Bd5 Nb8
47. Be6 Bc5 48. Kb2 Nc6 49. Nd2 Bd4+ 50. Ka2 Kb6 51. Nf3 Be3 52. Kb3 Na5+ 53.
Kc3 Kc5 54. Kd3 Bf4 55. Kc3 Kb6 56. Bd5 Kc5 57. Ne1 1/2-1/2

[Event "Zonal 2.4"]
[Site "Sao Paulo BRA"]
[Date "2005.10.26"]
[Round "6.7"]
[White "Assumpcao, Roberto"]
[Black "Di Berardino, Diego Rafael"]
[Result "0-1"]
[WhiteElo "2364"]
[BlackElo "2312"]
[PlyCount "70"]
[EventDate "2005.10.22"]
[EventType "swiss"]
[EventRounds "9"]
[EventCountry "BRA"]
[Source "lmi"]
[SourceDate "2005.11.01"]

1. d4 Nf6 2. c4 g6 3. f3 Bg7 4. e4 d6 5. Nc3 O-O 6. Be3 Nc6 7. Nge2 a6 8. Qd2
Rb8 9. d5 Ne5 10. Ng3 c5 11. Be2 e6 12. Rd1 exd5 13. cxd5 b5 14. O-O Qa5 15. h3
b4 16. Nb1 Qxa2 17. Qc1 Ned7 18. Nd2 Nb6 19. Bc4 Nxc4 20. Nxc4 Rd8 21. f4 a5
22. Rf2 Bb7 23. f5 Ba6 24. b3 Qxb3 25. Nxa5 Qa4 26. Nc6 Re8 27. Nxb8 Rxb8 28.
fxg6 hxg6 29. e5 dxe5 30. Bxc5 b3 31. Bd6 b2 32. Qb1 Qxd1+ 33. Qxd1 b1=Q 34.
Qxb1 Rxb1+ 35. Kh2 Nxd5 0-1

[Event "Zonal 2.4"]
[Site "Sao Paulo BRA"]
[Date "2005.10.27"]
[Round "7.1"]
[White "El Debs, Felipe de Cresce"]
[Black "Milos Jr, Gilberto"]
[Result "0-1"]
[WhiteElo "2341"]
[BlackElo "2620"]
[PlyCount "64"]
[EventDate "2005.10.22"]
[EventType "swiss"]
[EventRounds "9"]
[EventCountry "BRA"]
[Source "lmi"]
[SourceDate "2005.11.01"]

1. e4 c5 2. c3 d5 3. exd5 Qxd5 4. d4 Nf6 5. Nf3 Bg4 6. Be2 e6 7. O-O Nc6 8. h3
Bh5 9. Be3 cxd4 10. Nxd4 Bxe2 11. Qxe2 Be7 12. Nd2 O-O 13. Rfd1 Rfc8 14. N2f3
Qe4 15. c4 a6 16. Rac1 h6 17. Kf1 Na5 18. a3 e5 19. Nd2 Qg6 20. N4f3 Nc6 21.
Nh4 Qh7 22. g4 Re8 23. Nf5 Bf8 24. Qf3 e4 25. Qf4 Ne5 26. Nxe4 Nexg4 27. Nxf6+
Nxf6 28. Bd4 Ne4 29. Rd3 Re6 30. Rc2 Nd6 31. Rf3 Re4 32. Nxh6+ Qxh6 0-1

[Event "Zonal 2.4"]
[Site "Sao Paulo BRA"]
[Date "2005.10.27"]
[Round "7.2"]
[White "Mecking, Henrique Costa"]
[Black "Vescovi, Giovanni Portilho"]
[Result "1/2-1/2"]
[WhiteElo "2549"]
[BlackElo "2646"]
[PlyCount "31"]
[EventDate "2005.10.22"]
[EventType "swiss"]
[EventRounds "9"]
[EventCountry "BRA"]
[Source "lmi"]
[SourceDate "2005.11.01"]

1. d4 Nf6 2. c4 e6 3. Nf3 b6 4. g3 Ba6 5. Nbd2 d5 6. Bg2 Be7 7. O-O O-O 8. b3
Nbd7 9. Ne5 Bb7 10. Bb2 c5 11. Rc1 Rc8 12. e3 Rc7 13. Qe2 cxd4 14. Bxd4 Qc8 15.
Rfd1 b5 16. Qe1 1/2-1/2

[Event "Zonal 2.4"]
[Site "Sao Paulo BRA"]
[Date "2005.10.27"]
[Round "7.3"]
[White "Lima, Darcy Gustavo"]
[Black "Leitao, Rafael Duailibe"]
[Result "1/2-1/2"]
[WhiteElo "2529"]
[BlackElo "2586"]
[PlyCount "106"]
[EventDate "2005.10.22"]
[EventType "swiss"]
[EventRounds "9"]
[EventCountry "BRA"]
[Source "lmi"]
[SourceDate "2005.11.01"]

1. e4 c5 2. Nf3 Nc6 3. Bb5 d6 4. O-O Bd7 5. Re1 Nf6 6. h3 Ne5 7. a4 a6 8. Bxd7+
Nfxd7 9. b3 g6 10. Nxe5 Nxe5 11. f4 Nc6 12. Bb2 Nd4 13. c3 Nc6 14. b4 Bg7 15.
b5 Qb6 16. bxc6 Qxb2 17. cxb7 Qxb7 18. Na3 O-O 19. Nc4 Rab8 20. Qb1 Qc6 21. Qd3
Rfd8 22. Qd5 Qc7 23. f5 Qd7 24. a5 e6 25. fxe6 fxe6 26. Qg5 Rf8 27. Qg4 Qe7 28.
Qg3 Rbd8 29. Rab1 Bh6 30. Re2 Bf4 31. Qg4 Qf6 32. h4 h5 33. Qh3 Rf7 34. Kh1 Be5
35. Rg1 Re8 36. g4 hxg4 37. Qxg4 Rg7 38. Nxe5 Qxe5 39. Rf2 c4 40. Qf4 Qxf4 41.
Rxf4 Rf8 42. Rxf8+ Kxf8 43. Rb1 Rh7 44. Rb8+ Kf7 45. Rb7+ Kg8 46. Rb6 Rxh4+ 47.
Kg2 Rxe4 48. Rxd6 Re5 49. Rxa6 Re2+ 50. Kf3 Rxd2 51. Rxe6 Kf7 52. Re2 Rd3+ 53.
Re3 Rd5 1/2-1/2

[Event "Zonal 2.4"]
[Site "Sao Paulo BRA"]
[Date "2005.10.27"]
[Round "7.5"]
[White "Di Berardino, Diego Rafael"]
[Black "Matsuura, Everaldo"]
[Result "1/2-1/2"]
[WhiteElo "2312"]
[BlackElo "2453"]
[PlyCount "58"]
[EventDate "2005.10.22"]
[EventType "swiss"]
[EventRounds "9"]
[EventCountry "BRA"]
[Source "lmi"]
[SourceDate "2005.11.01"]

1. e4 e5 2. Nf3 Nc6 3. Bb5 a6 4. Ba4 Nf6 5. O-O Be7 6. Re1 b5 7. Bb3 d6 8. c3
O-O 9. h3 Na5 10. Bc2 c5 11. d4 Qc7 12. Nbd2 cxd4 13. cxd4 Rd8 14. b3 Nc6 15.
Bb2 exd4 16. Nxd4 Nxd4 17. Bxd4 Bb7 18. Rc1 Qa5 19. Nf3 d5 20. exd5 Nxd5 21.
Be4 Qb4 22. Ne5 Qd6 23. Nxf7 Kxf7 24. Qh5+ Kf8 25. Bxg7+ Kxg7 26. Qxh7+ Kf8 27.
Qh8+ Kf7 28. Qh7+ Kf8 29. Qh8+ Kf7 1/2-1/2

[Event "Zonal 2.4"]
[Site "Sao Paulo BRA"]
[Date "2005.10.27"]
[Round "7.6"]
[White "Cordova, Emilio"]
[Black "Zambrana, Osvaldo"]
[Result "1-0"]
[WhiteElo "2434"]
[BlackElo "2409"]
[PlyCount "101"]
[EventDate "2005.10.22"]
[EventType "swiss"]
[EventRounds "9"]
[EventCountry "BRA"]
[Source "lmi"]
[SourceDate "2005.11.01"]

1. d4 d5 2. Nf3 Nf6 3. c4 dxc4 4. Nc3 a6 5. a4 Nc6 6. e4 Bg4 7. Bxc4 Bxf3 8.
gxf3 Qxd4 9. Qb3 Ne5 10. Be2 O-O-O 11. Be3 Qd7 12. Rd1 Qc6 13. Rc1 Qe6 14.
Qxe6+ fxe6 15. f4 Nd3+ 16. Bxd3 Rxd3 17. e5 Nh5 18. Ke2 Rd7 19. Ne4 Rd5 20. Ng5
g6 21. Nxe6 c6 22. Rhd1 Rxd1 23. Rxd1 Bh6 24. a5 Ng7 25. Nc5 Rf8 26. Rd4 Rf7
27. Kd3 e6 28. Ke4 Nf5 29. Rd3 Re7 30. Na4 Nxe3 31. fxe3 Bf8 32. Rd6 Rf7 33.
Nb6+ Kc7 34. Rxe6 Bb4 35. Nc4 Kd7 36. Rd6+ Bxd6 37. Nxd6 Rf8 38. Nxb7 Rb8 39.
Nc5+ Ke7 40. Nd3 c5 41. Kd5 Rb5 42. e4 Rxa5 43. f5 gxf5 44. exf5 c4+ 45. Kxc4
Ra4+ 46. Kd5 Rh4 47. Nc5 Rxh2 48. f6+ Kf7 49. Ne4 Rxb2 50. e6+ Kg6 51. e7 1-0

[Event "Zonal 2.4"]
[Site "Sao Paulo BRA"]
[Date "2005.10.27"]
[Round "7.7"]
[White "Assumpcao, Roberto"]
[Black "Castaneda, Carlos"]
[Result "0-1"]
[WhiteElo "2364"]
[BlackElo "2171"]
[PlyCount "58"]
[EventDate "2005.10.22"]
[EventType "swiss"]
[EventRounds "9"]
[EventCountry "BRA"]
[Source "lmi"]
[SourceDate "2005.11.01"]

1. d4 Nf6 2. c4 g6 3. f3 Bg7 4. e4 d6 5. Nc3 O-O 6. Be3 Nc6 7. Nge2 e5 8. d5
Na5 9. Nc1 c5 10. Qd2 a6 11. Be2 Rb8 12. g4 Bd7 13. h4 b5 14. h5 Nxc4 15. Bxc4
bxc4 16. Bh6 Bxh6 17. Qxh6 Rxb2 18. N1e2 Qa5 19. Rc1 Qd8 20. Ng3 Qe7 21. g5
Nxh5 22. Nxh5 gxh5 23. Rxh5 f6 24. g6 Qg7 25. Qxg7+ Kxg7 26. Rxh7+ Kxg6 27.
Rxd7 Rh8 28. Ne2 Rh1+ 29. Kf2 Rxc1 0-1

[Event "Zonal 2.4"]
[Site "Sao Paulo BRA"]
[Date "2005.11.10"]
[Round "8.2"]
[White "Vescovi, Giovanni Portilho"]
[Black "Lima, Darcy Gustavo"]
[Result "1/2-1/2"]
[WhiteElo "2646"]
[BlackElo "2529"]
[PlyCount "72"]
[EventDate "2005.10.22"]
[EventType "swiss"]
[EventRounds "9"]
[EventCountry "BRA"]
[Source "lmi"]
[SourceDate "2005.11.01"]

1. e4 e5 2. Nf3 Nc6 3. Bb5 Nf6 4. O-O Nxe4 5. d4 Be7 6. d5 Nd6 7. Be2 e4 8.
dxc6 exf3 9. cxb7 Bxb7 10. Bxf3 O-O 11. Bxb7 Nxb7 12. Be3 d5 13. Nc3 c6 14. Na4
c5 15. Qf3 Qd7 16. b3 d4 17. Rad1 Bd6 18. Bf4 Bxf4 19. Qxf4 Qc6 20. c3 dxc3 21.
Qc4 c2 22. Qxc2 Rfe8 23. Rfe1 Rac8 24. h3 h6 25. Rxe8+ Qxe8 26. Rc1 a5 27. Qf5
Rc6 28. Qd5 Qc8 29. Re1 Rd6 30. Qc4 Qf5 31. Qg4 Qxg4 32. hxg4 Rd2 33. Re8+ Kh7
34. Rb8 Nd8 35. a3 Ne6 36. Rb5 Ra2 1/2-1/2

[Event "Zonal 2.4"]
[Site "Sao Paulo BRA"]
[Date "2005.11.10"]
[Round "8.3"]
[White "Matsuura, Everaldo"]
[Black "Mecking, Henrique Costa"]
[Result "1/2-1/2"]
[WhiteElo "2453"]
[BlackElo "2549"]
[PlyCount "66"]
[EventDate "2005.10.22"]
[EventType "swiss"]
[EventRounds "9"]
[EventCountry "BRA"]
[Source "lmi"]
[SourceDate "2005.11.01"]

1. d4 e6 2. c4 Nf6 3. Nc3 Bb4 4. e3 O-O 5. Bd3 c5 6. Nf3 d5 7. O-O dxc4 8. Bxc4
Nbd7 9. Qe2 b6 10. Rd1 cxd4 11. exd4 Bb7 12. Bg5 Bxc3 13. bxc3 Qc7 14. Nd2 Rfe8
15. Bb5 a6 16. Bxd7 Nxd7 17. c4 h6 18. Be3 Nf6 19. Rdc1 Qd7 20. Rab1 b5 21. Nb3
Bc6 22. Nc5 Qd6 23. f3 bxc4 24. Qxc4 Bd5 25. Qc2 Reb8 26. Qd2 Rxb1 27. Rxb1 Rb8
28. Rxb8+ Qxb8 29. Nxa6 Qb1+ 30. Qc1 Qxa2 31. Nb4 Qe2 32. Qd2 Qc4 33. Nd3 Qb5
1/2-1/2

[Event "Zonal 2.4"]
[Site "Sao Paulo BRA"]
[Date "2005.11.10"]
[Round "8.5"]
[White "Di Berardino, Diego Rafael"]
[Black "Castaneda, Carlos"]
[Result "1-0"]
[WhiteElo "2312"]
[BlackElo "2171"]
[PlyCount "73"]
[EventDate "2005.10.22"]
[EventType "swiss"]
[EventRounds "9"]
[EventCountry "BRA"]
[Source "lmi"]
[SourceDate "2005.11.01"]

1. e4 g6 2. d4 Bg7 3. Nc3 d6 4. f4 Nf6 5. Nf3 O-O 6. Bd3 c5 7. dxc5 dxc5 8. e5
Nd5 9. Nxd5 Qxd5 10. Qe2 Na6 11. Be4 Qd8 12. O-O Qc7 13. c3 Rb8 14. a4 Bd7 15.
Be3 Qc8 16. Bd3 Bf5 17. Bc4 Qc6 18. Nh4 Be6 19. Bb5 Qe4 20. Bd3 Qc6 21. f5 c4
22. Bc2 Bd5 23. Bxa7 Rbd8 24. Bd4 Nc5 25. Rf4 Rfe8 26. Rg4 Nd3 27. Bxd3 cxd3
28. Qxd3 h5 29. Rg3 Be4 30. Qe3 Kh7 31. Re1 Bc2 32. e6 Bh6 33. Qf2 g5 34. Qxc2
Rxd4 35. f6+ Kh8 36. exf7 Rxh4 37. Qg6 1-0

[Event "Zonal 2.4"]
[Site "Sao Paulo BRA"]
[Date "2005.11.10"]
[Round "8.6"]
[White "Zambrana, Osvaldo"]
[Black "Limp, Eduardo Thelio"]
[Result "1/2-1/2"]
[WhiteElo "2409"]
[BlackElo "2447"]
[PlyCount "61"]
[EventDate "2005.10.22"]
[EventType "swiss"]
[EventRounds "9"]
[EventCountry "BRA"]
[Source "lmi"]
[SourceDate "2005.11.01"]

1. e4 c5 2. Nf3 b6 3. d4 cxd4 4. Nxd4 Bb7 5. Nc3 Nf6 6. Bd3 Nc6 7. Nxc6 Bxc6 8.
O-O e6 9. Bg5 h6 10. Be3 Bc5 11. Qe2 O-O 12. e5 Nd5 13. Nxd5 Bxd5 14. Bxc5 bxc5
15. c4 Bc6 16. Be4 Bxe4 17. Qxe4 d5 18. exd6 Qxd6 19. Rfd1 Qb6 20. b3 Rfd8 21.
g3 a5 22. Qf3 Rac8 23. Rxd8+ Rxd8 24. Rd1 Rxd1+ 25. Qxd1 g6 26. Qd7 Qb4 27. Kg2
Kg7 28. Qc7 Qa3 29. Qe5+ Kg8 30. Qb8+ Kg7 31. Qe5+ 1/2-1/2

[Event "Zonal 2.4"]
[Site "Sao Paulo BRA"]
[Date "2005.11.10"]
[Round "8.7"]
[White "El Debs, Felipe de Cresce"]
[Black "Assumpcao, Roberto"]
[Result "0-1"]
[WhiteElo "2341"]
[BlackElo "2364"]
[PlyCount "72"]
[EventDate "2005.10.22"]
[EventType "swiss"]
[EventRounds "9"]
[EventCountry "BRA"]
[Source "lmi"]
[SourceDate "2005.11.01"]

1. d4 Nf6 2. Nf3 e6 3. e3 c5 4. Bd3 Nc6 5. c3 d5 6. Nbd2 cxd4 7. exd4 Bd6 8.
O-O O-O 9. Re1 Qc7 10. Nf1 h6 11. Qe2 Nd7 12. Ne3 Nf6 13. Nf1 b6 14. Ne5 Bxe5
15. dxe5 Nd7 16. f4 Nc5 17. Bc2 a5 18. Ng3 d4 19. Nh5 Kh8 20. Qg4 Rg8 21. Qh3
d3 22. Bxd3 Nxd3 23. Qxd3 Ne7 24. Qh3 Bb7 25. Be3 Rad8 26. Rad1 Rxd1 27. Rxd1
Rd8 28. Rd6 Rxd6 29. exd6 Qxd6 30. Bd4 Nf5 31. Qg4 f6 32. Qg6 Qd7 33. Kf1 Qb5+
34. Ke1 Ba6 35. Kd1 Qe2+ 36. Kc1 Bd3 0-1

[Event "Zonal 2.4"]
[Site "Sao Paulo BRA"]
[Date "2005.10.29"]
[Round "9.2"]
[White "Lima, Darcy Gustavo"]
[Black "Cordova, Emilio"]
[Result "1/2-1/2"]
[WhiteElo "2529"]
[BlackElo "2434"]
[PlyCount "99"]
[EventDate "2005.10.22"]
[EventType "swiss"]
[EventRounds "9"]
[EventCountry "BRA"]
[Source "lmi"]
[SourceDate "2005.11.01"]

1. e4 c5 2. Nf3 Nc6 3. Bb5 g6 4. O-O Bg7 5. Nc3 Nf6 6. e5 Ng4 7. Bxc6 bxc6 8.
Re1 O-O 9. h3 Nh6 10. d3 Nf5 11. Ne4 d6 12. exd6 exd6 13. Bg5 f6 14. Bf4 h5 15.
Nfd2 h4 16. Nf1 Re8 17. Qd2 Re6 18. Ne3 Nxe3 19. Bxe3 Rb8 20. Rab1 Rb7 21. Bh6
Bh8 22. Bf4 Rbe7 23. b3 Bg7 24. Kf1 Bf8 25. Bh6 g5 26. Bxf8 Qxf8 27. Nc3 Re5
28. Rxe5 Rxe5 29. Re1 Qe7 30. Rxe5 Qxe5 31. Qe1 Qxe1+ 32. Kxe1 f5 33. f4 Kf7
34. fxg5 Kg6 35. Kf2 Kxg5 36. Ne2 Be6 37. g3 Bf7 38. Nf4 d5 39. Ng2 hxg3+ 40.
Kxg3 d4 41. h4+ Kf6 42. Ne1 Bh5 43. Nf3 Bg4 44. Kf4 Ke6 45. a3 a5 46. Ne5 Bd1
47. Nxc6 Bxc2 48. Nxa5 Bxd3 49. h5 Kf6 50. b4 1/2-1/2

[Event "Zonal 2.4"]
[Site "Sao Paulo BRA"]
[Date "2005.10.29"]
[Round "9.5"]
[White "Castaneda, Carlos"]
[Black "Vescovi, Giovanni Portilho"]
[Result "0-1"]
[WhiteElo "2171"]
[BlackElo "2646"]
[PlyCount "44"]
[EventDate "2005.10.22"]
[EventType "swiss"]
[EventRounds "9"]
[EventCountry "BRA"]
[Source "lmi"]
[SourceDate "2005.11.01"]

1. d4 Nf6 2. c4 e6 3. Nf3 c5 4. Nc3 cxd4 5. Nxd4 a6 6. a3 Qc7 7. e4 d6 8. Be2
b6 9. Be3 Bb7 10. f3 Be7 11. Rc1 O-O 12. O-O Nbd7 13. g4 Qd8 14. g5 Nh5 15. Qd2
g6 16. Rf2 Rc8 17. Kh1 Ne5 18. b3 d5 19. f4 Nd7 20. Bxh5 gxh5 21. Rg1 Nc5 22.
b4 Nxe4 0-1

[Event "Zonal 2.4"]
[Site "Sao Paulo BRA"]
[Date "2005.10.29"]
[Round "9.6"]
[White "Assumpcao, Roberto"]
[Black "Leitao, Rafael Duailibe"]
[Result "0-1"]
[WhiteElo "2364"]
[BlackElo "2586"]
[PlyCount "92"]
[EventDate "2005.10.22"]
[EventType "swiss"]
[EventRounds "9"]
[EventCountry "BRA"]
[Source "lmi"]
[SourceDate "2005.11.01"]

1. d4 Nf6 2. c4 e6 3. Nc3 Bb4 4. e3 b6 5. Bd3 Bb7 6. Nf3 Ne4 7. Qc2 f5 8. O-O
Bxc3 9. bxc3 O-O 10. Ne1 Nc6 11. f3 Nf6 12. e4 fxe4 13. fxe4 e5 14. Nf3 Qe7 15.
a4 d6 16. c5 dxc5 17. d5 Nd8 18. c4 a5 19. Bb2 Nf7 20. Nh4 Bc8 21. Nf5 Bxf5 22.
Rxf5 Ng4 23. Qe2 Nfh6 24. Rxf8+ Rxf8 25. Rf1 Rxf1+ 26. Qxf1 Nf6 27. Bc1 Nf7 28.
Qf3 Qe8 29. Bc2 Nd6 30. Qe2 Qg6 31. Bb2 Qg5 32. Bd3 Kf8 33. Qf2 Qh5 34. Be2 Qe8
35. Bd3 Qxa4 36. Bxe5 Qd1+ 37. Bf1 Kg8 38. Bxf6 gxf6 39. Qxf6 Qd4+ 40. Qxd4
cxd4 41. e5 Nf7 42. e6 Ne5 43. Be2 a4 44. Bd1 a3 45. Bb3 Kf8 46. Kf1 Nd3 0-1

[Event "Zonal 2.4"]
[Site "Sao Paulo BRA"]
[Date "2005.10.29"]
[Round "9.7"]
[White "Zambrana, Osvaldo"]
[Black "El Debs, Felipe de Cresce"]
[Result "1/2-1/2"]
[WhiteElo "2409"]
[BlackElo "2341"]
[PlyCount "68"]
[EventDate "2005.10.22"]
[EventType "swiss"]
[EventRounds "9"]
[EventCountry "BRA"]
[Source "lmi"]
[SourceDate "2005.11.01"]

1. e4 e5 2. Nf3 Nf6 3. Nxe5 d6 4. Nf3 Nxe4 5. d4 d5 6. Bd3 Nc6 7. O-O Be7 8. c4
Nf6 9. h3 Nb4 10. Be2 dxc4 11. Bxc4 O-O 12. Nc3 c6 13. Bg5 Nbd5 14. Re1 Be6 15.
Bb3 Re8 16. Ne5 Rc8 17. Rc1 Rc7 18. Qf3 Rc8 19. Na4 Nd7 20. Bxe7 Rxe7 21. Nxd7
Qxd7 22. Nc5 Qe8 23. Re5 b6 24. Ne4 Qd7 25. Ng5 h6 26. Nxe6 Rxe6 27. Rxe6 Qxe6
28. Bxd5 cxd5 29. Rxc8+ Qxc8 30. Qf4 Qc2 31. Qe5 Qxb2 32. Qxd5 Qc1+ 33. Kh2
Qf4+ 34. Kg1 Qc1+ 1/2-1/2